Mobile Wimax : (Record no. 15196)
[ view plain ]
| 000 -LEADER | |
|---|---|
| fixed length control field | 01101nam a22002895a 4500 |
| 001 - CONTROL NUMBER | |
| control field | 16425663 |
| 005 - DATE AND TIME OF LATEST TRANSACTION | |
| control field | 20100820103518.0 |
| 008 - FIXED-LENGTH DATA ELEMENTS--GENERAL INFORMATION | |
| fixed length control field | 100820s2011 mau 000 0 eng |
| 010 ## - LIBRARY OF CONGRESS CONTROL NUMBER | |
| LC control number | 2010935393 |
| 020 ## - INTERNATIONAL STANDARD BOOK NUMBER | |
| International Standard Book Number | 0123749646 |
| 020 ## - INTERNATIONAL STANDARD BOOK NUMBER | |
| International Standard Book Number | 9780123749642 |
| 040 ## - CATALOGING SOURCE | |
| Original cataloging agency | DLC |
| Transcribing agency | DLC |
| 042 ## - AUTHENTICATION CODE | |
| Authentication code | pcc |
| 082 ## - DEWEY DECIMAL CLASSIFICATION NUMBER | |
| Edition number | 22 |
| Classification number | 621.384 |
| Item number | AHM |
| 100 1# - MAIN ENTRY--PERSONAL NAME | |
| Personal name | Ahmadi, Sassan. |
| 9 (RLIN) | 23404 |
| 245 10 - TITLE STATEMENT | |
| Title | Mobile Wimax : |
| Remainder of title | A Systems Approach to Understanding IEEE 802.16m Radio Access Technology / |
| Statement of responsibility, etc | Sassan Ahmadi. |
| 260 ## - PUBLICATION, DISTRIBUTION, ETC. (IMPRINT) | |
| Place of publication, distribution, etc | Boston, MA : |
| Name of publisher, distributor, etc | Academic Press/ Elsevier, 2011 |
| Date of publication, distribution, etc | 2011. |
| 300 ## - PHYSICAL DESCRIPTION | |
| Extent | xiv, 738 p. : |
| Other physical details | ill.; |
| Dimensions | 24 cm. |
| 650 ## - SUBJECT ADDED ENTRY--TOPICAL TERM | |
| 9 (RLIN) | 12950 |
| Topical term or geographic name as entry element | Wireless communication systems. |
| 650 ## - SUBJECT ADDED ENTRY--TOPICAL TERM | |
| 9 (RLIN) | 12951 |
| Topical term or geographic name as entry element | Mobile communication systems. |
| 650 ## - SUBJECT ADDED ENTRY--TOPICAL TERM | |
| 9 (RLIN) | 23337 |
| Topical term or geographic name as entry element | Broadband communication systems. |
| 650 ## - SUBJECT ADDED ENTRY--TOPICAL TERM | |
| 9 (RLIN) | 23403 |
| Topical term or geographic name as entry element | IEEE 802.16 (Standard) |
| 653 ## - INDEX TERM--UNCONTROLLED | |
| Resource For college | |
| Arrived date list | April2011 |
| 942 ## - ADDED ENTRY ELEMENTS (KOHA) | |
| Source of classification or shelving scheme | Dewey Decimal Classification |
| Item type | Book - Borrowing |
| Withdrawn status | Item status | Source of classification or shelving scheme | Damaged status | Not for loan | Vendor | Home library | Current library | Shelving location | Date acquired | Source of acquisition | Cost, normal purchase price | Serial Enumeration / chronology | Total Checkouts | Total Renewals | Full call number | Barcode | Date last seen | Date last borrowed | Koha item type |
|---|---|---|---|---|---|---|---|---|---|---|---|---|---|---|---|---|---|---|---|
| Dewey Decimal Classification | Baccah | Central Library | Central Library | First floor | 27/04/2011 | 640.00 | 12158 | 2 | 14 | 621.384 AHM | 000023417 | 15/07/2025 | 26/09/2011 | Book - Borrowing |